000 00408nam a2200145 i 4500
001 96696
003 ES-MaACL
005 20230906181948.0
007 t|
008 050630s1922 po ||||1| spa d
100 1 _aMallart y Cutó, José.
_975793
245 1 3 _aEl factor humano en la organización del trabajo /
_cJosé Mallart y Cutó.
260 _aPorto :
_b[s.n.],
_c1922.
852 _aES-MaACL
_j1634-F-13
999 _c96696
_d96696